000 00897nam-a2200193-a-4500
001 000108733
003 AM-YeHGA
005 20250617161318.0
008 990517s1952 xxu 000 0 rus u
040 _aAM-YeHGA
245 1 0 _aКультура лекарственных растений /
_cПод ред. П.И. Сараева.
260 _aМосква :
_bМедгиз ,
_c1952.
300 _a346 с.
550 _aВсесоюзный научно-исследовательский ин-т лекарственных и ароматических растений "Вилар"
650 4 _aЛекарственные растения
700 1 0 _aСараев, П.И.
_4edt
710 2 _aВсесоюзный научно-исследовательский институт лекарственных и ароматических растений "Вилар"
090 _c472437
999 _c469193
_d469193